| Tag |
First Indicator |
Second Indicator |
Subfields |
| LEADER |
00000cam a2200000 i 4500 |
| 001 |
in00005778902 |
| 005 |
20260417180908.2 |
| 008 |
770308s1972 txu 000 0 eng d |
| 040 |
|
|
|a TXU
|b eng
|c TXU
|d OCL
|d OCLCG
|d OCLCQ
|d OCLCA
|d OCLCQ
|d OCLCF
|d CLU
|d OCLCQ
|d OCLCL
|
| 019 |
|
|
|a 890819063
|a 1039428137
|
| 035 |
|
|
|a (OCoLC)2785601
|z (OCoLC)890819063
|z (OCoLC)1039428137
|
| 050 |
|
4 |
|a F801.B84
|b C76
|
| 082 |
0 |
4 |
|a 978.9
|2 20
|1 https://id.oclc.org/worldcat/ddc/E3Xf7GYCVPcq4Vxk4CTQf6WPh7
|
| 090 |
|
|
|a F804.T492
|b C76 1972
|
| 100 |
1 |
|
|a Stanley, F.
|q (Francis),
|d 1908-1996.
|1 https://id.oclc.org/worldcat/entity/E39PCjBYBkP6f4QvMvGkwMg3Qq
|
| 245 |
1 |
4 |
|a The Thomas Oliver Boggs story /
|c by F. Stanley.
|
| 260 |
|
|
|a Nazareth, Tex. :
|b [publisher not identified],
|c 1972.
|
| 300 |
|
|
|a 23 pages ;
|c 22 cm
|
| 336 |
|
|
|a text
|b txt
|2 rdacontent
|
| 337 |
|
|
|a unmediated
|b n
|2 rdamedia
|
| 338 |
|
|
|a volume
|b nc
|2 rdacarrier
|
| 490 |
0 |
|
|a New Mexico local histories series
|
| 500 |
|
|
|a Limited to 400 copies.
|
| 500 |
|
|
|a The Cushing Library/Dykes copy [A1485348898P] is part of the Jim & Theresa Earle Collection.
|
| 500 |
|
|
|a The Cushing Library/Dykes copy [A1485348898P] is signed by author Francis Stanley.
|
| 600 |
1 |
0 |
|a Boggs, Thomas Oliver
|y 1824-1894.
|
| 648 |
|
7 |
|a 1824-1894
|2 fast
|
| 758 |
|
|
|i has work:
|a The Thomas Oliver Boggs story (Text)
|1 https://id.oclc.org/worldcat/entity/E39PCGhgqrm64VFKxRWqQhtYfq
|4 https://id.oclc.org/worldcat/ontology/hasWork
|
| 994 |
|
|
|a Z0
|b TXA
|
| 948 |
|
|
|h HELD BY TXA - 46 OTHER HOLDINGS
|
| 999 |
f |
f |
|i 95959af0-aab5-494e-817a-b9eb58b1e550
|s 05321043-7a0d-41cf-9fac-735a35716760
|t 0
|
| 952 |
f |
f |
|p noncirc
|a Texas A&M University
|b College Station
|c Cushing Memorial Library & Archives
|s cush dyks
|d Cushing: Dykes (Does not check out)
|t 0
|e F804.T492 C76 1972
|h Library of Congress classification
|i unmediated -- volume
|m A1485348898P
|
| 998 |
f |
f |
|a F804.T492 C76 1972
|t 0
|l Cushing: Dykes (Does not check out)
|